<?xml version="1.0" encoding="UTF-8"?>
<collection xmlns="http://www.loc.gov/MARC21/slim">
<record>
  <controlfield tag="001">166189</controlfield>
  <controlfield tag="005">20260121131107.0</controlfield>
  <datafield tag="037" ind1=" " ind2=" ">
    <subfield code="a">TAZ-TFM-2025-1540</subfield>
  </datafield>
  <datafield tag="041" ind1=" " ind2=" ">
    <subfield code="a">spa</subfield>
  </datafield>
  <datafield tag="100" ind1="1" ind2=" ">
    <subfield code="a">Quan Zhao</subfield>
  </datafield>
  <datafield tag="242" ind1="0" ind2="0">
    <subfield code="a">How to use social media marketing strategies to attract visitors: the case of the Sagrada Familia's Instagram, X, and YouTube accounts</subfield>
  </datafield>
  <datafield tag="245" ind1="0" ind2="0">
    <subfield code="a">Cómo utilizar las estrategias de marketing en redes sociales para atraer visitantes: el caso de las cuentas de Instagram, X y YouTube de la Sagrada Familia</subfield>
  </datafield>
  <datafield tag="260" ind1=" " ind2=" ">
    <subfield code="a">Zaragoza</subfield>
    <subfield code="b">Universidad de Zaragoza</subfield>
    <subfield code="c">2025</subfield>
  </datafield>
  <datafield tag="506" ind1=" " ind2=" ">
    <subfield code="a">by-nc-sa</subfield>
    <subfield code="b">Creative Commons</subfield>
    <subfield code="c">3.0</subfield>
    <subfield code="u">http://creativecommons.org/licenses/by-nc-sa/3.0/</subfield>
  </datafield>
  <datafield tag="520" ind1=" " ind2=" ">
    <subfield code="a">En el contexto del rápido avance de la comunicación digital, las redes sociales se han consolidado como un medio esencial para la construcción de la imagen de marca de los destinos turísticos y la interacción con los visitantes. Este estudio examina la estrategia de comunicación digital y el rendimiento interactivo de la Sagrada Familia, Patrimonio Mundial de la UNESCO en Barcelona, en tres plataformas principales: Instagram, X y YouTube.&lt;br />Se aplicó un enfoque mixto que combina análisis de contenido, estadística descriptiva y análisis comparativo sobre 610 publicaciones de 2024. Los resultados muestran que la tasa media de interacción de Instagram (14,54 %) supera significativamente a la de YouTube (9,96 %) y X (0,22 %), confirmando diferencias estadísticas (F(6, 603) = 51,234, p &lt; 0,001, R² = 0,338). Las actualizaciones sobre la construcción (6,57 %) y las actividades religiosas (6,36 %) generaron los niveles más altos de participación.&lt;br />En el ámbito teórico, el estudio amplía la comprensión de la comunicación patrimonial en entornos digitales; en la práctica, ofrece directrices para optimizar estrategias de marketing basadas en narrativas visuales y sinergias multiplataforma.&lt;br />Palabras clave: marketing en redes sociales; turismo cultural; Sagrada Familia; narración visual; contenido generado por los usuarios.&lt;br />&lt;br /></subfield>
  </datafield>
  <datafield tag="521" ind1=" " ind2=" ">
    <subfield code="a">Máster Universitario en Dirección y Planificación del Turismo</subfield>
  </datafield>
  <datafield tag="540" ind1=" " ind2=" ">
    <subfield code="a">Derechos regulados por licencia Creative Commons</subfield>
  </datafield>
  <datafield tag="856" ind1="0" ind2=" ">
    <subfield code="f">941792@unizar.es</subfield>
  </datafield>
  <datafield tag="856" ind1="4" ind2=" ">
    <subfield code="s">877564</subfield>
    <subfield code="u">http://zaguan.unizar.es/record/166189/files/TAZ-TFM-2025-1540.pdf</subfield>
    <subfield code="y">Memoria (spa)</subfield>
  </datafield>
  <datafield tag="909" ind1="C" ind2="O">
    <subfield code="o">oai:zaguan.unizar.es:166189</subfield>
    <subfield code="p">driver</subfield>
    <subfield code="p">trabajos-fin-master</subfield>
  </datafield>
  <datafield tag="950" ind1=" " ind2=" ">
    <subfield code="a"></subfield>
  </datafield>
  <datafield tag="691" ind1=" " ind2=" ">
    <subfield code="a">4 8 11</subfield>
  </datafield>
  <datafield tag="692" ind1=" " ind2=" ">
    <subfield code="a">Este estudio demuestra cómo las redes sociales facilitan la educación sobre el patrimonio cultural, el desarrollo del turismo sostenible y la promoción de la identidad cultural urbana mediante el análisis de las estrategias de comunicación digital de la Sagrada Familia en Instagram, X y YouTube. La investigación contribuye a varios Objetivos de Desarrollo Sostenible de las Naciones Unidas: ODS 4 (Educación de calidad), ODS 8 (Trabajo decente y crecimiento económico) y ODS 11 (Ciudades y comunidades sostenibles).</subfield>
  </datafield>
  <datafield tag="700" ind1=" " ind2=" ">
    <subfield code="a">Jesús Cascón Katchadourian</subfield>
    <subfield code="e">dir.</subfield>
  </datafield>
  <datafield tag="710" ind1="2" ind2=" ">
    <subfield code="a">Universidad de Zaragoza</subfield>
    <subfield code="b"> </subfield>
    <subfield code="c"></subfield>
  </datafield>
  <datafield tag="980" ind1=" " ind2=" ">
    <subfield code="a">TAZ</subfield>
    <subfield code="b">TFM</subfield>
    <subfield code="c">FEGP</subfield>
  </datafield>
  <datafield tag="999" ind1=" " ind2=" ">
    <subfield code="a">20251030142237.CREATION_DATE</subfield>
  </datafield>
  <datafield tag="951" ind1=" " ind2=" ">
    <subfield code="a">deposita:2026-01-21</subfield>
  </datafield>
</record>
</collection>